000 00694nam a2200229Ia 4500
003 OSt
005 20220926005217.0
006 a|||||r|||| 00| 0
007 ta
008 220923b |||||||| |||| 00| 0 eng d
037 _cGeneral Book
040 _aRTL
_cRTL
_beng
041 _2eng
_aeng
082 _aX:9B.2.N9, N1
100 _aKanbargi Ramesh
_9240332
245 0 _aChild labour in Indian subcontinent
_b Dimensions a
260 _a New Delhi
_bSage Publications India
_c1991
300 _a184p Bibliography chapterwise
_ccm.
650 _aChild Labour Economics
_9237471
942 _hX:9B.2.N9, N1
_cGB
_2CC
999 _c613182
_d613182